Poesía y poetas ingleses / (Record no. 186450)
[ view plain ]
| 000 -LEADER | |
|---|---|
| campo de control de longitud fija | 01240nam a2200301 i 4500 |
| 001 - NÚMERO DE CONTROL | |
| campo de control | 186450 |
| 003 - IDENTIFICADOR DE NÚMERO DE CONTROL | |
| campo de control | SpMaBN |
| 005 - FECHA Y HORA DE LA ÚLTIMA TRANSACCIÓN | |
| campo de control | 20260616174833.0 |
| 008 - DATOS DE LONGITUD FIJA--INFORMACIÓN GENERAL | |
| campo de control de longitud fija | 161114s1950 ag |||| | spa d |
| 080 ## - NÚMERO DE LA CLASIFICACIÓN DECIMAL UNIVERSAL | |
| Número de la Clasificación Decimal Universal | 821.111-14.09 |
| 080 ## - NÚMERO DE LA CLASIFICACIÓN DECIMAL UNIVERSAL | |
| Número de la Clasificación Decimal Universal | 821.111 Wordsworth, William 1.07 |
| 080 ## - NÚMERO DE LA CLASIFICACIÓN DECIMAL UNIVERSAL | |
| Número de la Clasificación Decimal Universal | 821.111 Byron, George Gordon Byron, Baron 1.07 |
| 080 ## - NÚMERO DE LA CLASIFICACIÓN DECIMAL UNIVERSAL | |
| Número de la Clasificación Decimal Universal | 821.111 Shelley, Mary Wollstonecraft 1.07 |
| 100 1# - ENTRADA PRINCIPAL--NOMBRE DE PERSONA | |
| Nombre de persona | Arnold, Matthew. |
| 9 (RLIN) | 23111 |
| 245 10 - MENCIÓN DEL TÍTULO | |
| Título | Poesía y poetas ingleses / |
| Mención de responsabilidad, etc. | Matthew Arnold ; [traducción del inglés, y prólogo, de Antonio Dorta]. |
| 250 ## - MENCION DE EDICION | |
| Mención de edición | 1ª ed. popular para la Colección austral. |
| 260 ## - PUBLICACIÓN, DISTRIBUCIÓN, ETC. | |
| Lugar de publicación, distribución, etc. | Buenos Aires : |
| Nombre del editor, distribuidor, etc. | Espasa-Calpe Argentina, |
| Fecha de publicación, distribución, etc. | 1950. |
| 300 ## - DESCRIPCIÓN FÍSICA | |
| Extensión | 147 p. ; |
| Dimensiones | 18 cm. |
| 490 1# - MENCIÓN DE SERIE | |
| Mención de serie | Colección austral ; |
| Designación de volumen o secuencia | 989 |
| 600 17 - PUNTO DE ACCESO ADICIONAL DE MATERIA--NOMBRE DE PERSONA | |
| Nombre de persona | Wordsworth, William, |
| Fechas asociadas al nombre | 1770-1850- |
| Subdivisión general | Crítica e interpretación |
| 9 (RLIN) | 161234 |
| 600 14 - PUNTO DE ACCESO ADICIONAL DE MATERIA--NOMBRE DE PERSONA | |
| Nombre de persona | Byron, George Gordon Byron, |
| Títulos y otros términos asociados al nombre | Baron, |
| Fechas asociadas al nombre | 1788-1824- |
| Subdivisión general | Crítica e interpretación |
| 9 (RLIN) | 33028 |
| 600 17 - PUNTO DE ACCESO ADICIONAL DE MATERIA--NOMBRE DE PERSONA | |
| Nombre de persona | Shelley, Mary Wollstonecraft- |
| Subdivisión general | Crítica e interpretación. |
| 9 (RLIN) | 161235 |
| 650 07 - PUNTO DE ACCESO ADICIONAL DE MATERIA--TÉRMINO DE MATERIA | |
| Término de materia o nombre geográfico como elemento de entrada | Poesía inglesa- |
| Subdivisión general | Historia y crítica. |
| 9 (RLIN) | 16189 |
| 700 1# - ENTRADA AGREGADA--NOMBRE PERSONAL | |
| Nombre de persona | Dorta, Antonio. |
| 9 (RLIN) | 45440 |
| 830 0# - PUNTO DE ACCESO ADICIONAL DE SERIE-TÍTULO UNIFORME | |
| Título uniforme | Colección austral |
| Designación de volumen o secuencia | 989 |
| 9 (RLIN) | 177655 |
| 852 ## - LOCALIZACIÓN | |
| Ubicación | ES-MaACL |
| Número de control de estantería | L-30804 |
| Nota libre | . - Donat. Miguel A. Velasco |
| Estatus retirado | Estado de pérdida | Estado de daño | No para préstamo | Biblioteca de origen | Biblioteca actual | Ubicación en estantería | Fecha de adquisición | Fuente de adquisición | Total de préstamos | Signatura topográfica completa | Código de barras | Visto por última vez | Precio de reemplazo | Tipo de ítem Koha |
|---|---|---|---|---|---|---|---|---|---|---|---|---|---|---|
| Biblioteca del Ateneo de Madrid | Biblioteca del Ateneo de Madrid | Depósito 2 | 14/11/2016 | L-30804 | 1196615 | 23/02/2023 | 23/02/2023 | Libro impreso |
